| 000 | 00998cam a2200241 4500 | ||
|---|---|---|---|
| 001 | WB3745-24 | ||
| 008 | 011129n2001 000 0 eng u | ||
| 035 | _a(Sirsi) u115799 | ||
| 245 | _aInternet property marketing standards | ||
| 260 | _c2001 | ||
| 490 |
_aRICS Residential Faculty News _v27 November 2001, (1) |
||
| 520 | _aA joint initiative by the National Association of Estate Agents (NAEA) and leading property portals has published standards for the marketing of properties on the internet. The best practice guidelines were launched at the Property Computer Show. Further information and details of how to sign up to the guidelines available at: http://www.naea.co.uk/inet01.asp. | ||
| 590 | _aWB | ||
| 650 | _aNATIONAL ASSOCIATION OF ESTATE AGENTS | ||
| 650 | _aINTERNET | ||
| 650 | _aPROPERTY INFORMATION | ||
| 650 | _aMARKETING | ||
| 650 | _aESTATE AGENTS | ||
| 650 | _aGUIDELINES | ||
| 650 | _aBEST PRACTICE | ||
| 690 | _aPROPERTY AND LAND LAW-AGENCY | ||
| 942 | _n0 | ||
| 999 |
_c68976 _d68976 |
||